00309nam a2200121Ia 4500003000400000008004100004040001600045082001300061100001800074245004400092260004100136300001000177GCL140319s9999 xx 000 0 eng d aGCL / cGCL04a320bL G1 aLASKI, HAROLD10aA GRAMMAR OF POLITICS / cLASKI, HAROLD a[S.N] : bCHAND AND COMPAY ، c1967 a672 P